Largest Cities Containing 'I' - Statistics

General Stats
  • This quiz has been taken 246 times
    214 since last reset
  • The average score is 18 of 20
Answer Stats
Population Country City % Correct
26,400,000 India Delhi
99%
22,100,000 Mexico Mexico City
99%
11,200,000 France Paris
99%
15,800,000 Argentina Buenos Aires
98%
12,700,000 Brazil Rio de Janeiro
98%
16,800,000 Egypt Cairo
97%
14,300,000 Turkey Istanbul
97%
9,950,000 Peru Lima
97%
23,300,000 Philippines Manila
97%
21,100,000 China Beijing
95%
30,900,000 China Shanghai
95%
9,050,000 Taiwan Taipei
95%
23,200,000 India Mumbai
93%
9,800,000 United States Chicago
91%
24,300,000 Pakistan Karachi
89%
10,600,000 DR Congo Kinshasa
85%
22,000,000 United States New York City
79%
10,000,000 India Chennai
75%
11,400,000 China Tianjin
62%
10,000,000 China Xiamen
49%
No matching quizzes found
Score Distribution
Percent of People with Each Score
Percentile by Number Answered
Your Score History
You have not taken this quiz since the last reset